[Event "European Blitz 2022"]
[Site "Katowice POL"]
[Date "2022.12.16"]
[Round "3.52"]
[White "Peyrer, Konstantin"]
[Black "Morkunas, Gustas"]
[Result "1/2-1/2"]
[WhiteTitle "FM"]
[BlackTitle "FM"]
[WhiteElo "2380"]
[BlackElo "2110"]
[WhiteFideId "1640879"]
[BlackFideId "12831026"]
[EventDate "2022.12.16"]

1. Nf3 Nf6 2. d4 g6 3. c4 Bg7 4. Nc3 d6 5. g3 O-O 6. Bg2 Nc6 7. O-O e5 8. dxe5
dxe5 9. Bg5 Be6 10. Nd2 h6 11. Bxf6 Bxf6 12. Nd5 Bxd5 13. cxd5 Ne7 14. Qb3 Rb8
15. Rfd1 Nc8 16. Rac1 Nd6 17. Qc2 Rc8 18. Bh3 Rb8 19. Qxc7 Qxc7 20. Rxc7 Nb5 21.
Rc5 Nd6 22. Nc4 Rfd8 23. Nxd6 Rxd6 24. e4 Bd8 25. Rdc1 Bb6 26. Rc8+ Rxc8 27.
Rxc8+ Kg7 28. Kg2 Rf6 29. f4 Bd4 30. Rc7 exf4 31. gxf4 Rxf4 32. Be6 Rf2+ 33. Kh1
Rf1+ 34. Kg2 Rf2+ 35. Kg3 Be5+ 36. Kxf2 Bxc7 37. Bc8 b6 38. h3 Kf6 39. Kf3 Ke5
40. Bd7 f5 41. exf5 gxf5 42. Be6 Bd6 1/2-1/2

[Event "European Blitz 2022"]
[Site "Katowice POL"]
[Date "2022.12.16"]
[Round "3.53"]
[White "Niezhentsev, Kyrylo"]
[Black "Wieczorek, Oskar"]
[Result "0-1"]
[BlackTitle "GM"]
[WhiteElo "2052"]
[BlackElo "2504"]
[WhiteFideId "34126660"]
[BlackFideId "1133950"]
[EventDate "2022.12.16"]

1. c4 Nf6 2. g3 g6 3. Bg2 Bg7 4. Nf3 O-O 5. O-O c6 6. b3 d5 7. Bb2 Bg4 8. h3
Bxf3 9. Bxf3 e6 10. e3 Nbd7 11. d4 a5 12. Nc3 Re8 13. Rc1 Bf8 14. a4 Nb8 15. Bg2
Na6 16. Qe2 Nb4 17. Ba3 Nd3 18. Ra1 Bxa3 19. Rxa3 Nb4 20. Na2 Nxa2 21. Rxa2 Qb6
22. Rb2 Kg7 23. Rc1 e5 24. dxe5 Rxe5 25. cxd5 cxd5 26. Qd3 Rae8 27. Rbc2 Rxe3
28. Qb5 Qxb5 29. axb5 Rxb3 30. Bf1 d4 31. Rc7 d3 32. Rxb7 d2 33. Rd1 Re1 34.
Rxd2 Rbb1 35. Kg2 Rxf1 36. Ra2 Rg1+ 37. Kf3 Ra1 38. Rc2 Ra3+ 39. Ke2 Nd5 40. Rc5
Ra2+ 41. Kf3 Ra3+ 42. Ke2 Nc3+ 43. Kf3 Na4+ 0-1

[Event "European Blitz 2022"]
[Site "Katowice POL"]
[Date "2022.12.16"]
[Round "3.54"]
[White "Manik, Mikulas"]
[Black "Kaliszuk, Kamil"]
[Result "1-0"]
[WhiteTitle "GM"]
[WhiteElo "2359"]
[BlackElo "2103"]
[WhiteFideId "14900734"]
[BlackFideId "21870160"]
[EventDate "2022.12.16"]

1. e4 c5 2. Nf3 e6 3. d4 cxd4 4. Nxd4 Nf6 5. Nc3 Nc6 6. Nxc6 bxc6 7. e5 Nd5 8.
Ne4 Bb7 9. c4 Nb4 10. a3 Qa5 11. Nc3 Qxe5+ 12. Be2 Na6 13. O-O Be7 14. Re1 Qc7
15. b4 O-O 16. Bf3 d5 17. Bb2 Bf6 18. cxd5 cxd5 19. Rc1 Qd7 20. Qe2 Nc7 21. Red1
Ba6 22. Qd2 Rac8 23. Ne4 Bxb2 24. Qxb2 Bb5 25. Nc5 Qe7 26. Qe5 Na6 27. Rxd5 Rfd8
28. Rxd8+ Rxd8 29. h3 h6 30. Nxe6 Qxe6 31. Qxb5 Rd6 32. Qb7 Qb3 33. Qc8+ Kh7 34.
Qc2+ Qxc2 35. Rxc2 Rd3 36. Be4+ 1-0

[Event "European Blitz 2022"]
[Site "Katowice POL"]
[Date "2022.12.16"]
[Round "3.55"]
[White "Lauda, Alexandr"]
[Black "Horvath, Dominik"]
[Result "1/2-1/2"]
[BlackTitle "IM"]
[WhiteElo "2032"]
[BlackElo "2502"]
[WhiteFideId "13903179"]
[BlackFideId "1642561"]
[EventDate "2022.12.16"]

1. e4 e5 2. Nf3 Nc6 3. Bc4 Nf6 4. d4 exd4 5. O-O Nxe4 6. Re1 d5 7. Bxd5 Qxd5 8.
Nc3 Qd7 9. Nxe4 Be7 10. Bg5 O-O 11. Bxe7 Qxe7 12. Nxd4 Bd7 13. Qh5 Rfe8 14. Re3
g6 15. Qh6 Nxd4 16. Ng5 Qf6 17. Qxh7+ Kf8 18. Qh4 Kg8 19. Qh7+ Kf8 20. Qh4 Kg8
21. Qh7+ 1/2-1/2

[Event "European Blitz 2022"]
[Site "Katowice POL"]
[Date "2022.12.16"]
[Round "3.56"]
[White "Sop, Selen"]
[Black "Plichta, Kamil"]
[Result "0-1"]
[WhiteTitle "WFM"]
[BlackTitle "FM"]
[WhiteElo "1950"]
[BlackElo "2394"]
[WhiteFideId "6300278"]
[BlackFideId "1141830"]
[EventDate "2022.12.16"]

1. c4 g6 2. g3 Bg7 3. Bg2 Nf6 4. Nf3 O-O 5. O-O d6 6. Nc3 e5 7. d3 h6 8. Qc2 Re8
9. b3 c6 10. Bb2 d5 11. cxd5 cxd5 12. Nb5 Nc6 13. d4 Bf5 14. Qd1 e4 15. Ne1 a6
16. Nc3 Qd7 17. Nc2 Bh3 18. Ne3 Bxg2 19. Kxg2 h5 20. h4 Bh6 21. Bc1 Kh7 22. Na4
Rad8 23. Nc5 Qe7 24. Nc2 Bxc1 25. Rxc1 Rc8 26. Qd2 Rc7 27. b4 Rec8 28. a4 Nd8
29. b5 axb5 30. axb5 Ne6 31. Nxe6 Qxe6 32. Na3 e3 33. Qb2 exf2 34. Rxf2 Rxc1 0-1

[Event "European Blitz 2022"]
[Site "Katowice POL"]
[Date "2022.12.16"]
[Round "3.57"]
[White "Petrovskyi, Vadym"]
[Black "Golek-Schild, Jagoda"]
[Result "1-0"]
[WhiteTitle "FM"]
[WhiteElo "2402"]
[BlackElo "1986"]
[WhiteFideId "14165210"]
[BlackFideId "1138529"]
[EventDate "2022.12.16"]

1. e4 d6 2. d4 Nf6 3. Nc3 c6 4. Nf3 Qa5 5. Bd3 e5 6. h3 Be7 7. O-O O-O 8. Qe2
Qc7 9. a4 Nbd7 10. Bc4 b6 11. d5 cxd5 12. Bxd5 Bb7 13. Bxb7 Qxb7 14. Bg5 h6 15.
Bxf6 Nxf6 16. Rfd1 Rac8 17. Nd5 Nxd5 18. Rxd5 f5 19. Rad1 fxe4 20. Qxe4 Rf4 21.
Qe2 Rxa4 22. Ne1 Rc5 23. Rxc5 bxc5 24. b3 Rd4 25. Nd3 Bf8 26. Ra1 Qc7 27. Qh5 c4
28. bxc4 Rxc4 29. Ne1 Rc5 30. Qf3 d5 31. Qf5 e4 32. c4 dxc4 33. Qxe4 c3 34. Nc2
Rc4 35. Qd3 Rc5 36. Re1 Qd6 37. Qe4 Rc7 38. Re3 Qd1+ 39. Kh2 Qd6+ 40. g3 Qd2 41.
Kg2 Qd6 42. Kh2 Qd2 43. Rf3 Qd6 44. Qf5 Qe7 45. Qd5+ Kh8 46. Qd3 Rd7 47. Qxc3
Rc7 48. Qd3 Kg8 49. Ne3 Rd7 50. Qc4+ Kh8 51. Ng4 Qe8 52. Qc6 Rd8 53. Qc3 Bd6 54.
Nxh6 Qh5 55. Nf7+ Kg8 56. Nxd8 Qxf3 57. Qxf3 1-0

[Event "European Blitz 2022"]
[Site "Katowice POL"]
[Date "2022.12.16"]
[Round "3.58"]
[White "Wojdak, Jan"]
[Black "Paehtz, Elisabeth"]
[Result "1/2-1/2"]
[BlackTitle "GM"]
[WhiteElo "2115"]
[BlackElo "2464"]
[WhiteFideId "21817111"]
[BlackFideId "4641833"]
[EventDate "2022.12.16"]

1. e4 c5 2. Nf3 d6 3. Nc3 a6 4. g3 Nc6 5. a4 e5 6. Bg2 g6 7. O-O Bg7 8. d3 Nge7
9. Nd2 O-O 10. Nc4 Be6 11. Ne3 Qd7 12. Ned5 Bxd5 13. exd5 Nb4 14. Be3 a5 15. Qd2
Nf5 16. Nb5 Ne7 17. Nc3 f5 18. f4 exf4 19. Bxf4 Rad8 20. Rae1 b6 21. Re2 Rf7 22.
Rfe1 Rdf8 23. Bg5 Nc8 24. Re6 Na6 25. Nb5 Nc7 26. Nxc7 Qxc7 27. c3 Be5 28. Bf4
Bxf4 29. Qxf4 Qd7 30. h4 Rg7 31. b3 Qf7 32. Bf3 Qd7 33. Qg5 b5 34. axb5 Qxb5 35.
Rf6 Rxf6 36. Qxf6 Qd7 37. Qe6+ Qxe6 38. dxe6 Ra7 39. Bc6 Kf8 40. Bd7 Ne7 41. Kf2
Ng8 42. h5 g5 43. Ke2 Ke7 44. Rf1 Nh6 45. Ra1 Rb7 46. Rxa5 Rxb3 47. Ra7 Rb2+ 48.
Kd1 Ng8 49. Bc8+ Kd8 50. Ba6 Ne7 51. Rd7+ Ke8 52. Ra7 Nd5 53. Kc1 Rh2 54. Bb5+
Kf8 55. Rf7+ Kg8 56. Rxf5 Nxc3 57. e7 Na2+ 58. Kd1 Nc3+ 59. Ke1 Re2+ 60. Kf1
Rxe7 61. Bc4+ Kg7 62. Rxg5+ Kh6 63. Rf5 Ne2 64. Kf2 Nd4 65. Rd5 Rf7+ 66. Kg2 Rf6
67. g4 Kg7 68. Rg5+ Kh6 69. Rg8 Rf4 70. Bd5 Nc2 71. Be4 Ne3+ 72. Kg3 Rf1 73. Bf3 1/2-1/2

[Event "European Blitz 2022"]
[Site "Katowice POL"]
[Date "2022.12.16"]
[Round "3.59"]
[White "Warchol, Kamil"]
[Black "Subelj, Jan"]
[Result "0-1"]
[WhiteTitle "FM"]
[BlackTitle "IM"]
[WhiteElo "2164"]
[BlackElo "2492"]
[WhiteFideId "21858241"]
[BlackFideId "14618583"]
[EventDate "2022.12.16"]

1. e4 e6 2. d4 d5 3. Nd2 c5 4. Ngf3 cxd4 5. Nxd4 Nc6 6. Bb5 Bd7 7. Nxc6 bxc6 8.
Bd3 Bd6 9. Qe2 Qb8 10. Nf3 Ne7 11. O-O Ng6 12. Re1 Bf4 13. exd5 cxd5 14. Bxg6
hxg6 15. Bxf4 Qxf4 16. Qe5 Qxe5 17. Nxe5 Rc8 18. c3 Bb5 19. Rad1 O-O 20. Rd4 Be8
21. Nd3 Rc7 22. h3 Bd7 23. Ne5 Bc8 24. Re3 g5 25. Nf3 f6 26. Rd2 Kf7 27. Nd4 Rd8
28. Re1 e5 29. Ne2 Be6 30. Ng3 Rb8 31. Ree2 a5 32. Rc2 Rbc8 33. Rcd2 Rc4 34. Nf1
R4c5 35. Ne3 a4 36. Nc2 Rb8 37. Nb4 d4 38. cxd4 Rc1+ 0-1

[Event "European Blitz 2022"]
[Site "Katowice POL"]
[Date "2022.12.16"]
[Round "3.60"]
[White "Gretarsson, Helgi Ass"]
[Black "Putlak, Wojciech"]
[Result "1-0"]
[WhiteTitle "GM"]
[WhiteElo "2451"]
[BlackElo "1992"]
[WhiteFideId "2300699"]
[BlackFideId "1183303"]
[EventDate "2022.12.16"]

1. d4 Nf6 2. c4 e6 3. Nc3 Bb4 4. Qc2 O-O 5. e4 d6 6. Bd3 e5 7. a3 Bxc3+ 8. bxc3
c5 9. d5 Na6 10. Ne2 Nc7 11. O-O Bd7 12. a4 b6 13. f4 exf4 14. Bxf4 Qe7 15. h3
Rfb8 16. Ng3 h6 17. Rae1 Nce8 18. e5 dxe5 19. Bxe5 Qd8 20. Bxb8 Rxb8 21. Bf5 Nd6
22. Bxd7 Qxd7 23. Nf5 Nxf5 24. Rxf5 Re8 25. Rfe5 Rxe5 26. Rxe5 g6 27. Re1 Ne8
28. Qe4 Nd6 29. Qe7 Qxe7 30. Rxe7 a5 31. Rd7 Nxc4 32. d6 f5 33. Rb7 Nxd6 34.
Rxb6 Ne4 35. Rxg6+ Kf7 36. Ra6 Nxc3 37. Rxa5 c4 38. Kf2 Ke6 39. Ke3 Nd5+ 40. Kd4
Nf4 41. Ra6+ Kd7 42. Rxh6 Nxg2 43. Kxc4 f4 44. Kd4 Ke7 45. Ke4 1-0

[Event "European Blitz 2022"]
[Site "Katowice POL"]
[Date "2022.12.16"]
[Round "3.61"]
[White "Kuzmicz, Krystian"]
[Black "Sokolowski, Ryszard"]
[Result "1-0"]
[WhiteTitle "IM"]
[WhiteElo "2466"]
[BlackElo "2020"]
[WhiteFideId "1119125"]
[BlackFideId "1103156"]
[EventDate "2022.12.16"]

1. e4 c5 2. d3 Nc6 3. g3 g6 4. Bg2 Bg7 5. f4 d6 6. Nf3 Rb8 7. O-O e6 8. c3 Nge7
9. Be3 b6 10. Na3 d5 11. e5 Nf5 12. Bf2 h5 13. h3 Bf8 14. Nc2 b5 15. d4 c4 16.
g4 hxg4 17. hxg4 Nh6 18. Ne3 Be7 19. Bh3 a5 20. Kg2 g5 21. fxg5 Bxg5 22. Nxg5
Qxg5 23. Qf3 Rg8 24. Bg3 Rb7 25. Rf2 b4 26. Raf1 bxc3 27. bxc3 a4 28. Bf4 Qg6
29. g5 Rg7 30. Nxd5 Nd8 31. Ne3 Rb5 32. Kh2 Bb7 33. Qg3 Ng8 34. Nxc4 Rd5 1-0

[Event "European Blitz 2022"]
[Site "Katowice POL"]
[Date "2022.12.16"]
[Round "3.62"]
[White "Kulesza, Andrzej"]
[Black "Uruci, Endrit"]
[Result "1-0"]
[BlackTitle "FM"]
[WhiteElo "2053"]
[BlackElo "2297"]
[WhiteFideId "21836264"]
[BlackFideId "22100199"]
[EventDate "2022.12.16"]

1. e4 c6 2. d4 d5 3. Nd2 dxe4 4. Nxe4 Nf6 5. Nxf6+ exf6 6. Nf3 Bd6 7. Be2 O-O 8.
Be3 Be6 9. Qd2 a5 10. O-O Re8 11. Rfe1 Nd7 12. a3 Nf8 13. Rad1 Ng6 14. c4 f5 15.
d5 cxd5 16. cxd5 Bd7 17. Bd4 f6 18. Bc4 Rc8 19. Ba2 f4 20. Rxe8+ Qxe8 21. Re1
Qd8 22. Bb1 Bg4 23. Qd3 Qd7 24. Bc3 Bxf3 25. Qxf3 Be5 26. Bxg6 hxg6 27. Bxe5
fxe5 28. h3 Qf5 29. Qb3 Rd8 30. d6+ Kh7 31. Qd5 Qf6 32. d7 Qf5 33. Rd1 e4 34.
Qxb7 f3 35. Qd5 fxg2 36. Qxf5 gxf5 37. Kxg2 Kg6 38. Kg3 Kf6 39. h4 g6 40. Kf4
Ke6 41. b4 axb4 42. axb4 Rxd7 43. Rxd7 Kxd7 44. h5 gxh5 45. Kxf5 Kc6 46. Kxe4
Kb5 47. Kf5 Kxb4 48. Kg5 Kc5 49. Kxh5 Kd6 50. f4 Ke7 51. Kg6 Kf8 52. Kf6 Kg8 53.
Ke7 1-0

[Event "European Blitz 2022"]
[Site "Katowice POL"]
[Date "2022.12.16"]
[Round "3.63"]
[White "Paehtz, Thomas"]
[Black "Kanli, Kaan"]
[Result "1-0"]
[WhiteTitle "GM"]
[WhiteElo "2339"]
[BlackElo "2006"]
[WhiteFideId "4611349"]
[BlackFideId "6309836"]
[EventDate "2022.12.16"]

1. e4 e5 2. Bc4 Nf6 3. d3 c6 4. Nf3 d5 5. Bb3 Bd6 6. Nc3 dxe4 7. Ng5 O-O 8.
Ncxe4 Nxe4 9. Nxe4 Na6 10. Qh5 Be7 11. h4 g6 12. Qh6 Bg4 13. Ng5 Bxg5 14. Bxg5
Qa5+ 15. c3 Nc5 16. Bf6 Nxd3+ 17. Kf1 Be2+ 18. Kg1 1-0

[Event "European Blitz 2022"]
[Site "Katowice POL"]
[Date "2022.12.16"]
[Round "3.64"]
[White "Ziogas, Modestas"]
[Black "Batsiashvili, Nino"]
[Result "0-1"]
[BlackTitle "GM"]
[WhiteElo "2098"]
[BlackElo "2493"]
[WhiteFideId "12803740"]
[BlackFideId "13602993"]
[EventDate "2022.12.16"]

1. d4 Nf6 2. Nc3 c5 3. Nf3 cxd4 4. Qxd4 Nc6 5. Qa4 d5 6. Bg5 e6 7. O-O-O Bd7 8.
e4 dxe4 9. Nxe4 Be7 10. h4 Rc8 11. Kb1 Qc7 12. Nxf6+ gxf6 13. Be3 a6 14. Qf4 e5
15. Qg3 Nb4 16. Bd3 Nxd3 17. cxd3 Bf5 18. Ne1 Qa5 19. Qf3 Be6 20. b3 Qb5 21. Qe2
Ba3 22. Rc1 0-1

[Event "European Blitz 2022"]
[Site "Katowice POL"]
[Date "2022.12.16"]
[Round "3.65"]
[White "Kopaczewski, Adam"]
[Black "Kyc, Jerzy"]
[Result "0-1"]
[WhiteElo "2096"]
[BlackElo "2230"]
[WhiteFideId "1187309"]
[BlackFideId "1163922"]
[EventDate "2022.12.16"]

1. e4 c5 2. Nc3 e6 3. Nge2 Nc6 4. g3 Nf6 5. Bg2 Be7 6. O-O O-O 7. d4 cxd4 8.
Nxd4 d5 9. Be3 Nxd4 10. Qxd4 dxe4 11. Nxe4 Nd5 12. c4 Nxe3 13. Qxe3 Qc7 14. Rac1
Bd7 15. b3 Bc6 16. Rfd1 a5 17. Nc3 Ba3 18. Rc2 Rad8 19. Rcd2 Rxd2 20. Qxd2 Bxg2
21. Kxg2 Qc6+ 22. f3 Bb4 23. Qe3 h6 24. Ne4 b5 25. Qd4 bxc4 26. Qxc4 Qb6 27. Qd4
Qa6 28. Qd3 Qb7 29. Qd7 Qa8 30. h4 Rc8 31. Qd3 f5 32. Nf2 Kh7 33. g4 Rc3 34. Qe2
Bc5 35. gxf5 Bxf2 36. Qxf2 exf5 37. h5 Qe8 38. Rh1 Re3 39. Qg3 Re2+ 40. Kf1 Rxa2
41. Rg1 Qe2# 0-1

[Event "European Blitz 2022"]
[Site "Katowice POL"]
[Date "2022.12.16"]
[Round "3.66"]
[White "Kanarkiewicz, Michal"]
[Black "Cramling, Pia"]
[Result "0-1"]
[BlackTitle "GM"]
[WhiteElo "2079"]
[BlackElo "2463"]
[WhiteFideId "1147200"]
[BlackFideId "1700030"]
[EventDate "2022.12.16"]

1. e4 c5 2. b3 a6 3. Bb2 Nc6 4. f4 Nf6 5. Nc3 d6 6. Nf3 g6 7. Nd5 Bg7 8. Nxf6+
exf6 9. Bc4 O-O 10. O-O f5 11. Bxg7 Kxg7 12. d3 Be6 13. exf5 Bxf5 14. Kh1 d5 0-1

[Event "European Blitz 2022"]
[Site "Katowice POL"]
[Date "2022.12.16"]
[Round "3.67"]
[White "Thorfinnsson, Bjorn"]
[Black "Strejczek, Marek"]
[Result "1-0"]
[WhiteTitle "IM"]
[WhiteElo "2374"]
[BlackElo "2091"]
[WhiteFideId "2300982"]
[BlackFideId "1116215"]
[EventDate "2022.12.16"]

1. d4 Nf6 2. Nf3 e6 3. Bg5 Be7 4. e3 O-O 5. Bd3 c5 6. c3 b6 7. Nbd2 Bb7 8. Qc2
h6 9. h4 d6 10. Bxf6 Bxf6 11. g4 g6 12. g5 hxg5 13. hxg5 Bg7 14. O-O-O Qd7 15.
Rh4 Re8 16. Rdh1 Kf8 17. Be4 Nc6 18. Rh7 Ne7 19. Bxb7 Qxb7 20. Ne4 Ng8 21. R1h3
Qc6 22. Qd3 d5 23. Nf6 Nxf6 24. gxf6 Bxf6 25. Rxf7+ Kxf7 26. Rh7+ Bg7 27. Ne5+ 1-0

[Event "European Blitz 2022"]
[Site "Katowice POL"]
[Date "2022.12.16"]
[Round "3.68"]
[White "Hnatyshyn, Anastasiia"]
[Black "Cherniaiev, Tykhon"]
[Result "0-1"]
[BlackTitle "FM"]
[WhiteElo "2090"]
[BlackElo "2330"]
[WhiteFideId "14198339"]
[BlackFideId "14182360"]
[EventDate "2022.12.16"]

1. e4 e5 2. Nf3 Nc6 3. Bb5 Nf6 4. O-O d6 5. Re1 a6 6. Bxc6+ bxc6 7. d4 exd4 8.
e5 dxe5 9. Nxe5 Be6 10. Nd2 Qd5 11. Ndf3 c5 12. Bg5 Bd6 13. Bxf6 0-1

[Event "European Blitz 2022"]
[Site "Katowice POL"]
[Date "2022.12.16"]
[Round "3.69"]
[White "Arkell, Keith C"]
[Black "Przybylski, Bartosz"]
[Result "1-0"]
[WhiteTitle "GM"]
[WhiteElo "2406"]
[BlackElo "2085"]
[WhiteFideId "400270"]
[BlackFideId "1126652"]
[EventDate "2022.12.16"]

1. d4 Nf6 2. Nf3 c5 3. d5 d6 4. Nc3 e5 5. dxe6 fxe6 6. e4 Nc6 7. Bb5 Bd7 8. O-O
Be7 9. Bf4 a6 10. Bxc6 Bxc6 11. e5 Nd5 12. exd6 Bxd6 13. Bxd6 Qxd6 14. Ne4 Qe7
15. Ne5 O-O 16. Nxc6 bxc6 17. g3 Rab8 18. b3 Kh8 19. Qe2 a5 20. Rfe1 Rbe8 21.
Qc4 e5 22. Qxc5 Qxc5 23. Nxc5 Nb4 24. Re2 Rf5 25. a3 Nd5 26. Rae1 a4 27. Nxa4 h6
28. Nc5 Nc3 29. Re3 Nd5 30. Re4 Nc3 31. Rc4 Rd8 32. Rxc3 Rd2 33. Ne4 Rd4 34.
Rxc6 1-0

[Event "European Blitz 2022"]
[Site "Katowice POL"]
[Date "2022.12.16"]
[Round "3.70"]
[White "Kutowski, Marcel"]
[Black "Kjartansson, Gudmundur"]
[Result "0-1"]
[BlackTitle "GM"]
[WhiteElo "2046"]
[BlackElo "2453"]
[WhiteFideId "21878285"]
[BlackFideId "2301318"]
[EventDate "2022.12.16"]

1. e4 c5 2. Nf3 d6 3. d4 cxd4 4. Nxd4 Nf6 5. Nc3 a6 6. Be2 e5 7. Nb3 Be7 8. Be3
O-O 9. O-O Be6 10. Qd2 b5 11. Rad1 Nbd7 12. f3 Nb6 13. Na5 Qc7 14. a3 d5 15.
exd5 Nbxd5 16. Nxd5 Nxd5 17. Bf2 Rfd8 18. Nb3 Nf4 19. Qe3 Qxc2 20. Rd2 Qxb3 0-1

[Event "European Blitz 2022"]
[Site "Katowice POL"]
[Date "2022.12.16"]
[Round "3.71"]
[White "Swiatek, Bartosz"]
[Black "Tisaj, Domen"]
[Result "0-1"]
[BlackTitle "FM"]
[WhiteElo "2074"]
[BlackElo "2396"]
[WhiteFideId "1116533"]
[BlackFideId "14628708"]
[EventDate "2022.12.16"]

1. e4 c5 2. Nf3 Nc6 3. d4 cxd4 4. Nxd4 Nf6 5. Nc3 d6 6. f4 e5 7. Nf3 Be7 8. Bd3
O-O 9. O-O a6 10. a4 Re8 11. Kh1 exf4 12. Bxf4 Be6 13. Ng5 Ne5 14. Qe2 Bg4 15.
Qf2 h6 16. Nf3 Qc7 17. Bg3 Bxf3 18. gxf3 Nxd3 19. cxd3 Qd7 20. f4 Rac8 21. f5 d5
22. e5 Nh5 23. d4 Rc4 24. Rae1 Bb4 25. Bh4 Bxc3 26. bxc3 Rxc3 27. e6 Qc8 28. f6
Rxe6 29. fxg7 Qe8 30. Rxe6 Qxe6 31. Qg2 Qe4 32. Qxe4 dxe4 33. Re1 f5 34. Bf2
Nxg7 35. Kg2 Ne6 36. d5 Nf4+ 37. Kf1 Nxd5 38. Rd1 Rd3 39. Rc1 b5 40. axb5 axb5
41. Rc6 Kg7 42. Rc5 b4 43. Rb5 b3 44. Ke2 Nc3+ 0-1

[Event "European Blitz 2022"]
[Site "Katowice POL"]
[Date "2022.12.16"]
[Round "3.72"]
[White "Langheinrich, Ferenc"]
[Black "Van Hoolandt, Patrick"]
[Result "1-0"]
[WhiteTitle "IM"]
[BlackTitle "FM"]
[WhiteElo "2381"]
[BlackElo "2010"]
[WhiteFideId "4641973"]
[BlackFideId "200999"]
[EventDate "2022.12.16"]

1. e4 e5 2. Nf3 Nc6 3. Bb5 Nf6 4. O-O Nxe4 5. Re1 Nd6 6. Nxe5 Be7 7. Bd3 O-O 8.
Nf3 Ne8 9. c4 d6 10. Nc3 Bg4 11. Nd5 Bf6 12. Be4 Nd4 13. h3 Bxf3 14. Bxf3 Nxf3+
15. Qxf3 c6 16. Nxf6+ Nxf6 17. d3 Nd7 18. Bd2 Qf6 19. Qxf6 Nxf6 20. Bb4 c5 21.
Bc3 Rfe8 22. g4 h6 23. f3 Kf8 24. Kf2 Nd7 25. f4 f6 26. Kf3 Rxe1 27. Rxe1 Kf7
28. b3 b6 29. d4 a6 30. dxc5 dxc5 31. Rd1 Ra7 32. Ke4 Nf8 33. Rd6 Ne6 34. Rxb6
a5 35. a4 Ke7 36. h4 Kf7 37. f5 Nf8 38. Rb5 Nd7 39. Rxa5 1-0

[Event "European Blitz 2022"]
[Site "Katowice POL"]
[Date "2022.12.16"]
[Round "3.73"]
[White "Zgadzaj, Rafal"]
[Black "Psyk, Radoslaw"]
[Result "0-1"]
[WhiteElo "2059"]
[BlackElo "2438"]
[WhiteFideId "1113712"]
[BlackFideId "1182838"]
[EventDate "2022.12.16"]

1. Nf3 d5 2. g3 Bg4 3. Bg2 c6 4. c4 e6 5. O-O Nd7 6. d3 Ngf6 7. Be3 Be7 8. Qb3
b6 9. Nc3 O-O 10. Rac1 Bxf3 11. Bxf3 Ne5 12. Bg2 d4 13. Bf4 Ng6 14. Nb1 Nxf4 15.
gxf4 Qc7 16. e3 Bc5 17. Rce1 Ng4 18. Qd1 h5 19. Qf3 Rad8 20. h3 Nf6 21. e4 Bb4
22. Rc1 g6 23. e5 Nd7 24. Qxc6 Qb8 25. a3 Be7 26. Nd2 Nc5 27. Qf3 a5 28. b4 Na4
29. Ne4 Kg7 30. Rfe1 axb4 31. axb4 Bxb4 32. Nf6 Bxe1 33. Nxh5+ gxh5 34. Qxh5 Rh8
35. Qg5+ Kf8 36. Rxe1 Rg8 37. Qh4 Qa8 38. f3 Nc5 39. Kh2 Ke8 40. f5 Qa2 41. Rg1
Nxd3 42. Qe4 Qd2 43. Qc6+ Kf8 44. fxe6 Qf4+ 45. Kh1 Nf2# 0-1

[Event "European Blitz 2022"]
[Site "Katowice POL"]
[Date "2022.12.16"]
[Round "3.74"]
[White "Gradalski, Olaf"]
[Black "Morgunov, Marc"]
[Result "1/2-1/2"]
[BlackTitle "FM"]
[WhiteElo "2079"]
[BlackElo "2402"]
[WhiteFideId "21840580"]
[BlackFideId "1640305"]
[EventDate "2022.12.16"]

1. e4 c5 2. c3 Nf6 3. e5 Nd5 4. d4 cxd4 5. Nf3 Nc6 6. cxd4 d6 7. Bc4 dxe5 8.
Bxd5 Qxd5 9. Nc3 Qd6 10. d5 Nd4 11. Nxd4 exd4 12. Qxd4 e5 13. Qe3 Be7 14. O-O
O-O 15. f4 exf4 16. Qxf4 Bd7 17. Qxd6 Bxd6 18. Bf4 Bc5+ 19. Kh1 Rfe8 20. Rfe1 f5
21. g3 Kf7 22. Kg2 b5 23. Rac1 Rac8 24. a3 Bd4 25. Rxe8 Kxe8 26. Re1+ Kf7 27.
Bd2 Bf6 28. Kf3 a5 29. Rc1 g5 30. Nd1 Rxc1 31. Bxc1 Ke7 32. Bd2 a4 33. Bb4+ Kd8
34. Ke3 Kc7 35. Bc3 Be7 36. Be5+ Kb6 37. Nc3 b4 38. d6 bxc3 39. dxe7 cxb2 40.
Bxb2 Kc6 41. Bf6 1/2-1/2

[Event "European Blitz 2022"]
[Site "Katowice POL"]
[Date "2022.12.16"]
[Round "3.75"]
[White "Kirk, Ezra"]
[Black "Zhuk, Ivan"]
[Result "0-1"]
[WhiteTitle "IM"]
[WhiteElo "2432"]
[BlackElo "2035"]
[WhiteFideId "600067"]
[BlackFideId "13508342"]
[EventDate "2022.12.16"]

1. d4 Nf6 2. c4 g6 3. Nf3 Bg7 4. Nc3 O-O 5. e4 d6 6. Be2 Bg4 7. Be3 Nbd7 8. Ng1
Bxe2 9. Ngxe2 e5 10. f3 Nb6 11. b3 exd4 12. Nxd4 Nfd7 13. O-O Nc5 14. Qd2 Ne6
15. Rad1 Qe7 16. Rfe1 h5 17. Kh1 h4 18. Nd5 Nxd5 19. exd5 Nxd4 20. Bxd4 Qd7 21.
Bxg7 Kxg7 22. Qd4+ f6 23. Qxh4 Rae8 24. Qf4 Re5 25. Re4 Rxe4 26. fxe4 Re8 27.
Rf1 Qe7 28. h3 Qe5 29. Qxe5 Rxe5 30. Rf4 g5 31. Rg4 Kg6 32. Kh2 a5 33. Kg3 f5
34. exf5+ Kxf5 35. h4 Re3+ 36. Kf2 Kxg4 37. Kxe3 gxh4 38. Kf2 Kf4 39. a3 b6 40.
b4 a4 41. Ke2 Kg3 0-1

[Event "European Blitz 2022"]
[Site "Katowice POL"]
[Date "2022.12.16"]
[Round "3.76"]
[White "Kolodziejski, Piotr"]
[Black "Larkin, Vladyslav"]
[Result "1-0"]
[BlackTitle "IM"]
[WhiteElo "2091"]
[BlackElo "2452"]
[WhiteFideId "21840962"]
[BlackFideId "14152894"]
[EventDate "2022.12.16"]

1. e4 c5 2. Ne2 e6 3. d4 cxd4 4. Nxd4 a6 5. Bd3 Qc7 6. O-O Nf6 7. Qe2 Bd6 8. h3
Nc6 9. Nxc6 dxc6 10. Nd2 e5 11. Nc4 Bc5 12. Be3 Bxe3 13. Qxe3 Be6 14. Qg3 Nd7
15. Qxg7 O-O-O 16. Ne3 h5 17. Nf5 Kb8 18. Qg5 Rdg8 19. Qe3 h4 20. Rad1 Rh5 21.
f4 exf4 22. Qxf4 Ne5 23. Kh1 Bxf5 24. exf5 f6 25. Be4 Rh7 26. Rd2 Ka8 27. Rfd1
Qb6 28. b3 Qc5 29. c4 Rhh8 30. Qf2 Qb4 31. Rd6 Rf8 32. Qd2 Qc5 33. Qd4 Qa5 34.
a4 Rhg8 35. c5 Ka7 36. Ra1 Qc7 37. b4 Qf7 38. b5 Qb3 39. bxc6 Rg3 40. cxb7 Rxh3+
41. Kg1 Qe3+ 42. Qxe3 Rxe3 43. Bd5 h3 44. gxh3 Rxh3 45. Rb1 Rb8 46. Rxf6 Rc3 47.
c6 Nd3 48. Rf7 Rg8+ 49. Kf1 Rc2 50. b8=Q# 1-0